[Event "I Torneo Internazionale"]
[Site "Madonna di Campiglio - Pinzolo ITA"]
[Date "1973.01.??"]
[Round "9"]
[White "Matanovic, Aleksandar"]
[Black "Forintos, Gyozo Victor"]
[Result "1-0"]
[WhiteElo "2515"]
[BlackElo "2495"]
[PlyCount "127"]
[EventDate "1973.01.09"]

1. e4 g6 2. d4 Bg7 3. c3 d6 4. f4 e5 5. dxe5 Qh4+ 6. g3 Qe7 7. exd6 Qxe4+ 8.
Qe2 Qxe2+ 9. Nxe2 cxd6 10. Bg2 Nc6 11. Na3 Ke7 12. Be3 Nh6 13. h3 Nf5 14. Bf2
h5 15. O-O Be6 16. Rfe1 Rhc8 17. Bf3 Kf8 18. Kg2 Rd8 19. Red1 Bf6 20. Nb5 Bc4
21. Nc7 Rac8 22. Nd5 Bg7 23. Rd2 b6 24. g4 hxg4 25. hxg4 Nfe7 26. Bh4 Bxd5 27.
Bxd5 Nxd5 28. Rxd5 Ne7 29. Rd3 Rd7 30. Rad1 Rc6 31. Kf3 a6 32. Ng3 f6 33. Ne2
f5 34. Bxe7+ Kxe7 35. gxf5 gxf5 36. Ng3 Rc5 37. Rh1 a5 38. Rh7 Kd8 39. Rh5 Kc7
40. Rxf5 a4 41. a3 Kc6 42. Kg4 d5 43. Nh5 d4 44. Nxg7 dxc3 45. Rxc3 Rxc3 46.
bxc3 Rxg7+ 47. Rg5 Rd7 48. Rg6+ Kc5 49. f5 Rd3 50. Rg8 Kc4 51. f6 Rd7 52. Rb8
b5 53. Kg5 Rd5+ 54. Kg6 Rd6 55. Kg7 Rd1 56. f7 Rg1+ 57. Kh6 Rf1 58. f8=Q Rxf8
59. Rxf8 Kxc3 60. Rf3+ Kc4 61. Kg5 b4 62. Rf4+ Kb3 63. axb4 a3 64. b5 1-0

[Event "I Torneo Internazionale"]
[Site "Madonna di Campiglio - Pinzolo ITA"]
[Date "1973.01.??"]
[Round "9"]
[White "Tatai, Stefano"]
[Black "Cardoso, Ruth"]
[Result "1-0"]
[WhiteElo "2460"]
[BlackElo "2010"]
[PlyCount "91"]
[EventDate "1973.01.09"]

1. d4 Nf6 2. c4 e6 3. Nf3 c5 4. d5 exd5 5. cxd5 d6 6. Nc3 Bg4 7. Nd2 Nbd7 8.
Nc4 Rb8 9. h3 Bh5 10. Bf4 Nb6 11. Ne3 Be7 12. a4 O-O 13. g4 Bg6 14. Bg2 Ne8 15.
O-O Bf6 16. a5 Nc8 17. Nc4 Nc7 18. e4 Re8 19. Re1 Bxc3 20. bxc3 f6 21. Qd3 Rf8
22. Qg3 Ne8 23. Be3 b5 24. axb6 axb6 25. f4 Qc7 26. f5 Bf7 27. h4 b5 28. Nb2
Kh8 29. Nd3 Nb6 30. Nxc5 Rc8 31. Nd3 Na4 32. g5 Nxc3 33. Nf4 Qc4 34. Qg4 g6 35.
Ra7 fxg5 36. hxg5 Ng7 37. fxg6 hxg6 38. Bf1 Qb4 39. Rxf7 Kg8 40. Rxg7+ Kxg7 41.
Qd7+ Kg8 42. Ne6 Ne2+ 43. Rxe2 Qc3 44. Nxf8 Rxf8 45. Qxd6 Kg7 46. Bf4 1-0

[Event "I Torneo Internazionale"]
[Site "Madonna di Campiglio - Pinzolo ITA"]
[Date "1973.01.??"]
[Round "9"]
[White "Toth, Bela"]
[Black "Jansa, Vlastimil"]
[Result "0-1"]
[WhiteElo "2410"]
[BlackElo "2480"]
[PlyCount "100"]
[EventDate "1973.01.09"]

1. d4 Nf6 2. c4 g6 3. Nc3 d5 4. cxd5 Nxd5 5. e4 Nxc3 6. bxc3 Bg7 7. Bc4 c5 8.
Ne2 Nc6 9. Be3 O-O 10. O-O Qc7 11. Rc1 Rd8 12. Qa4 Bd7 13. Qa3 Bf8 14. Qb2 e6
15. Bg5 Rdc8 16. Ng3 cxd4 17. cxd4 Qb6 18. Qxb6 axb6 19. d5 Na5 20. dxe6 fxe6
21. Be2 b5 22. Rxc8 Rxc8 23. Rd1 Bc6 24. Bg4 Kf7 25. Rd3 Re8 26. Rf3+ Kg7 27.
Bf6+ Kg8 28. Rc3 Bg7 29. Bxg7 Kxg7 30. Be2 Rd8 31. Rd3 Rxd3 32. Bxd3 Kf6 33.
Ne2 e5 34. Kf1 Ke6 35. Ke1 Kd6 36. Kd2 Kc5 37. h4 Nc4+ 38. Bxc4 bxc4 39. f3 Kb4
40. Nc3 Ka3 41. Kc2 b5 42. Nd5 b4 43. Kb1 c3 44. Ne3 Bb5 45. Nc2+ Ka4 46. Ne1
Bc4 47. Ka1 Kb5 48. Kb1 Kc5 49. Ka1 Kd4 50. Nc2+ Kd3 0-1

[Event "I Torneo Internazionale"]
[Site "Madonna di Campiglio - Pinzolo ITA"]
[Date "1973.01.??"]
[Round "10"]
[White "Cardoso, Ruth"]
[Black "Cosulich, Roberto"]
[Result "1-0"]
[WhiteElo "2010"]
[BlackElo "2380"]
[PlyCount "155"]
[EventDate "1973.01.09"]

1. e4 c5 2. Nf3 Nc6 3. d4 cxd4 4. Nxd4 g6 5. c4 Nf6 6. Nc3 d6 7. Be2 Nxd4 8.
Qxd4 Bg7 9. Be3 O-O 10. Qd2 Qa5 11. O-O Bd7 12. f3 Rfc8 13. Rac1 a6 14. a3 Be6
15. b4 Qxa3 16. Ra1 Qxb4 17. Rfb1 Nxe4 18. Rxb4 Nxd2 19. Bxd2 b5 20. Rc1 Bd4+
21. Kf1 bxc4 22. Na4 d5 23. Nb6 Bxb6 24. Rxb6 Rcb8 25. Rxb8+ Rxb8 26. Bc3 f6
27. f4 Rb5 28. Kf2 Kf7 29. Ke3 Bd7 30. Bd1 Ke6 31. Ra1 Rb6 32. Bd4 Rc6 33. Ra5
c3 34. Bc5 Kf7 35. Bb3 e6 36. Kd4 Bc8 37. Kxc3 h6 38. Kd4 Kg7 39. Ba4 Rc7 40.
Bd6 Rc4+ 41. Kd3 g5 42. fxg5 hxg5 43. Bb3 Rc1 44. Kd2 Rc6 45. Bc5 Bb7 46. Be3
Rc7 47. Rc5 Rxc5 48. Bxc5 e5 49. Bc2 Bc8 50. Bd6 Kf7 51. Bc7 Ke6 52. Bd8 g4 53.
h4 gxh3 54. gxh3 Kf7 55. h4 Kg7 56. Bd1 Kg6 57. Kc3 d4+ 58. Kc4 Bb7 59. Bc2+
Kg7 60. Bf5 Bf3 61. Kd3 Bc6 62. Bc8 Bb5+ 63. Ke4 Kg6 64. Bf5+ Kg7 65. Kd5 Be2
66. Ke6 Bc4+ 67. Ke7 Be2 68. Ba5 Bb5 69. Bd2 Be2 70. Be4 Bg4 71. Bd3 Bc8 72. h5
f5 73. Bg5 e4 74. Bc4 e3 75. h6+ Kg6 76. Bf4 Bb7 77. Kf8 Bf3 78. Bf7+ 1-0

[Event "I Torneo Internazionale"]
[Site "Madonna di Campiglio - Pinzolo ITA"]
[Date "1973.01.??"]
[Round "10"]
[White "Lengyel, Levente"]
[Black "Toth, Bela"]
[Result "1-0"]
[WhiteElo "2455"]
[BlackElo "2410"]
[PlyCount "109"]
[EventDate "1973.01.09"]

1. c4 g6 2. d4 Nf6 3. Nc3 Bg7 4. e4 d6 5. Nf3 O-O 6. Be2 e5 7. d5 Nbd7 8. Be3
Nc5 9. Nd2 a5 10. O-O c6 11. b3 Bd7 12. a3 Na6 13. Rb1 c5 14. Bg5 h6 15. Bh4
Qe8 16. Na4 Nh7 17. Nb6 Rb8 18. Qc2 h5 19. f3 Bh6 20. Bf2 Qd8 21. Nxd7 Qxd7 22.
Bd3 f6 23. Rb2 Rf7 24. Nb1 Kh8 25. Nc3 Rg8 26. Kh1 Nf8 27. Ne2 Rh7 28. Be1 Qd8
29. Qc3 b6 30. Bb1 Nd7 31. Qd3 Rf7 32. Nc3 Nf8 33. Bf2 Rh7 34. Qe2 Bg5 35. Bc2
Bh6 36. Na2 Rb7 37. b4 axb4 38. axb4 cxb4 39. Nxb4 Nc5 40. Nc6 Qc7 41. Ra1 Nfe6
42. Rba2 Nd8 43. Na7 Nf7 44. Nb5 Qe7 45. Ra8 Rxa8 46. Rxa8+ Kh7 47. Qd1 Qd7 48.
Qa1 Kg7 49. Bxc5 bxc5 50. Qa6 Qe7 51. g3 Qd7 52. Qc6 Be3 53. Kg2 Bd4 54. Ba4
Qe7 55. Re8 1-0

[Event "I Torneo Internazionale"]
[Site "Madonna di Campiglio - Pinzolo ITA"]
[Date "1973.01.??"]
[Round "10"]
[White "Torre, Eugenio"]
[Black "Matanovic, Aleksandar"]
[Result "1-0"]
[WhiteElo "2400"]
[BlackElo "2515"]
[PlyCount "55"]
[EventDate "1973.01.09"]

1. e4 e5 2. Nf3 Nc6 3. Bb5 a6 4. Ba4 Nf6 5. O-O Be7 6. d4 exd4 7. e5 Ne4 8. b4
Nc3 9. Nxc3 dxc3 10. a3 O-O 11. Qd3 b5 12. Bb3 a5 13. bxa5 Ba6 14. Rd1 b4 15.
Qf5 Be2 16. Ng5 Bxg5 17. Bxg5 Qe8 18. Re1 Rxa5 19. Rxe2 Nd4 20. Qd3 Nxe2+ 21.
Qxe2 bxa3 22. Bf4 d6 23. Qd3 dxe5 24. Qxc3 Qb5 25. Bd2 Rfa8 26. Qf3 R5a7 27.
Qxf7+ Kh8 28. Bh6 1-0

[Event "I Torneo Internazionale"]
[Site "Madonna di Campiglio - Pinzolo ITA"]
[Date "1973.01.??"]
[Round "11"]
[White "Ivkov, Borislav"]
[Black "Torre, Eugenio"]
[Result "1-0"]
[WhiteElo "2520"]
[BlackElo "2400"]
[PlyCount "103"]
[EventDate "1973.01.09"]

1. c4 g6 2. Nc3 Bg7 3. g3 d6 4. Bg2 e5 5. e4 Ne7 6. Nge2 c5 7. d3 Nbc6 8. O-O
O-O 9. a3 Be6 10. Rb1 f5 11. Nd5 fxe4 12. dxe4 Nd4 13. Nxd4 cxd4 14. Bg5 Bxd5
15. cxd5 Qd7 16. Bh3 Qxh3 17. Bxe7 Rfe8 18. Bxd6 Bf8 19. Bxf8 Rxf8 20. Qd2 Qg4
21. f4 Rae8 22. Rbe1 Qh5 23. Qd3 Rf7 24. Rf2 Ref8 25. Ref1 a6 26. Kg2 g5 27. f5
Rf6 28. Rc1 R8f7 29. h3 g4 30. h4 Qh6 31. Rfc2 Rb6 32. b4 Qd6 33. Rc8+ Rf8 34.
Qe2 h5 35. Qd2 Qh6 36. Qg5+ Qxg5 37. hxg5 a5 38. Kf2 axb4 39. axb4 Ra6 40.
Rxf8+ Kxf8 41. Rc8+ Kf7 42. g6+ Kg7 43. Rc7+ Kg8 44. b5 Ra2+ 45. Ke1 Ra1+ 46.
Kd2 Ra2+ 47. Kd3 Ra3+ 48. Kc2 Ra8 49. f6 Rf8 50. Rg7+ Kh8 51. Rh7+ Kg8 52. f7+
1-0

[Event "I Torneo Internazionale"]
[Site "Madonna di Campiglio - Pinzolo ITA"]
[Date "1973.01.??"]
[Round "11"]
[White "Jansa, Vlastimil"]
[Black "Lengyel, Levente"]
[Result "1/2-1/2"]
[WhiteElo "2480"]
[BlackElo "2455"]
[PlyCount "36"]
[EventDate "1973.01.09"]

1. e4 e5 2. Nf3 Nc6 3. Bb5 a6 4. Ba4 Nf6 5. O-O Be7 6. Re1 b5 7. Bb3 d6 8. c3
O-O 9. h3 Na5 10. Bc2 c5 11. d4 Nc6 12. dxc5 dxc5 13. Nbd2 Qc7 14. Nf1 Be6 15.
Ne3 Rad8 16. Qe2 c4 17. Nf5 Rfe8 18. Nxe7+ Nxe7 1/2-1/2

[Event "I Torneo Internazionale"]
[Site "Madonna di Campiglio - Pinzolo ITA"]
[Date "1973.01.??"]
[Round "11"]
[White "Tatai, Stefano"]
[Black "Forintos, Gyozo Victor"]
[Result "1/2-1/2"]
[WhiteElo "2460"]
[BlackElo "2495"]
[PlyCount "55"]
[EventDate "1973.01.09"]

1. d4 Nf6 2. c4 e6 3. Nf3 d5 4. Nc3 Be7 5. Bg5 O-O 6. e3 h6 7. Bh4 b6 8. Rc1
Bb7 9. Bxf6 Bxf6 10. cxd5 exd5 11. Be2 Nd7 12. O-O Be7 13. Qb3 c6 14. Rfd1 Bd6
15. Nd2 Re8 16. Nf1 Qg5 17. Bf3 Qg6 18. Qc2 f5 19. g4 Rf8 20. Ng3 Bxg3 21. hxg3
Qg5 22. gxf5 Rxf5 23. Bg2 Raf8 24. Rd2 Nf6 25. e4 Nxe4 26. Nxe4 dxe4 27. Bxe4
R5f6 28. Rcd1 1/2-1/2

[Event "I Torneo Internazionale"]
[Site "Madonna di Campiglio - Pinzolo ITA"]
[Date "1973.01.??"]
[Round "11"]
[White "Toth, Bela"]
[Black "Cardoso, Ruth"]
[Result "1-0"]
[WhiteElo "2410"]
[BlackElo "2010"]
[PlyCount "73"]
[EventDate "1973.01.09"]

1. d4 Nf6 2. c4 e6 3. Nc3 d5 4. cxd5 Nxd5 5. Nf3 Be7 6. e4 Nxc3 7. bxc3 b6 8.
Bb5+ c6 9. Bd3 O-O 10. Qe2 c5 11. O-O Bb7 12. Bb2 Nd7 13. Rad1 Rc8 14. Rfe1 Qc7
15. Bb1 c4 16. e5 Rfd8 17. Bc1 Nf8 18. Ng5 Rd5 19. Qg4 Rb5 20. Bc2 Ra5 21. a4
h5 22. Qxh5 Bxg5 23. Bxg5 f5 24. Re3 Qf7 25. Qh3 Bc6 26. Rg3 Rc7 27. Ra1 Qe8
28. Bf6 Bxa4 29. Qh6 Qf7 30. Rxg7+ Qxg7 31. Bxg7 Rxg7 32. Rxa4 Rb5 33. Rxc4 Ra5
34. h4 Ra1+ 35. Kh2 Rf1 36. Rc8 Rxf2 37. Qxe6+ 1-0